|
|
|
|
| LEADER |
00000nam0a2200000 4500 |
| 001 |
254220 |
| 005 |
20231101232921.0 |
| 020 |
|
|
|a RU
|b 89-41558
|
| 035 |
|
|
|a (RuTPU)RU\TPU\book\276652
|
| 090 |
|
|
|a 254220
|
| 100 |
|
|
|a 20140319d1989 k a0rusy5003 ca
|
| 101 |
0 |
|
|a rus
|
| 102 |
|
|
|a RU
|
| 105 |
|
|
|a a z 001zy
|
| 200 |
1 |
|
|a Минералы-окислы хрома, железа и титана в породах кимберлитовой формации Якутии
|f Н. Д. Филиппов
|g Академия наук СССР (АН СССР), Сибирское отделение (СО), Якутский филиал (ЯФ), Институт геологии
|
| 210 |
|
|
|a Якутск
|c ЯНЦ СО АН СССР
|d 1989
|
| 215 |
|
|
|a 104 с.
|c ил.
|
| 320 |
|
|
|a Библиогр.: с. 100-102.
|
| 606 |
1 |
|
|a Кимберлиты
|x (петрография)
|2 stltpush
|3 (RuTPU)RU\TPU\subj\14339
|9 40749
|
| 610 |
1 |
|
|a минералогический состав
|
| 610 |
1 |
|
|a Якутия
|
| 610 |
1 |
|
|a минералы-окислы
|
| 610 |
1 |
|
|a формации
|
| 610 |
1 |
|
|a состав
|
| 610 |
1 |
|
|a морфология
|
| 610 |
1 |
|
|a химический состав
|
| 675 |
|
|
|a 552.323
|z rus
|
| 700 |
|
1 |
|a Филиппов
|b Н.Д.
|4 070
|
| 712 |
0 |
2 |
|a Академия наук СССР (АН СССР)
|b Сибирское отделение (СО)
|b Якутский филиал (ЯФ)
|b Институт геологии
|c (Якутск)
|2 stltpush
|3 (RuTPU)RU\TPU\col\8181
|
| 801 |
|
0 |
|a RU
|b RuMRKP
|c 19950417
|g psbo
|
| 801 |
|
1 |
|a RU
|b 63413507
|c 20140319
|
| 801 |
|
2 |
|a RU
|b 63413507
|c 20140630
|g RCR
|
| 942 |
|
|
|c BK
|